Open Data Biblioteca Nacional de Portugal


República Portuguesa: Ministério da Cultura
Biblioteca Nacional de Portugal

Catálogo da BNP: acesso por Identificadores Unívocos
Registos Bibliográficos associados ao registo de autoridade

Etiqueta de registo: 00560cam 22001931 450
001 354889
003 http://id.bnportugal.gov.pt/bib/catbnp/354889
005 20011107133600.0
095 ## $aPTBN00378228
100 ## $a19900803d1547 k y0pory0103 ba
101 0# $alat
102 ## $aFR$bParis
200 1# $aTetramonon sive Symphonia & concentus quatuor Evangeliorum in unam historiam Evangelicam
210 #9 $aParisiis$capud Ioannem Roigny,$d1547
215 ## $d12º
700 #1 $aDupuyherbault,$bGabriel,$f?-1566$3494935
702 #1 $aRoigny,$bJean de,$f1529-1566$4610$3165115
801 #0 $aPT$bBN$gRPC
966 ## $lBN$mFGMON$sR. 4557 P.
997 ## $aBIBEOD
998 ## $aCR910-340

Etiqueta de registo: 02163cam 22004451 450
001 354888
003 http://id.bnportugal.gov.pt/bib/catbnp/354888
005 19981229000000.0
095 ## $aPTBN00378227
100 ## $a19900802d1545 k y0pory0103 ba
101 0# $afre
102 ## $aFR
105 ## $ay z 000yy
106 ## $ar
200 1# $aCatholique Exposition avec Exhortations, sur les Epistres et Euangiles des festes de nostre Seigneur, de la glorieuse vierge Marie, & des Saincts, par l'an$fPar F. Gabriel Dupuiherbault, de l'ordre de Font- Eurauld
205 ## $aLe tout reueu & augme[n]té depuis la premiere edition
210 #9 $aA Paris$cpar Iacques Keruer, rue saint Iacques, à l'enseigne de la Licorne,$d1545
215 ## $a2 vols.$d8º (17 cm)
306 ## $aMarca de impressor na p. de tít.
307 ## $aCapitais ornamentadas
307 ## $aErros de paginação
307 ## $aAssin.: aaa//8, AAA-XXX//8, AAAA-ZZZZ//8, AAAAA-DDDDD//8, EEEEE//2
316 ## $aMarcas de acção de insectos, afectando moderadamente o texto$5PTBN: RES. 6650 P.
316 ## $aEncadernação em pele sobre pastas de cartão, com ferros gravados a seco e lombada dilacerada$5PTBN: RES. 6650 P.
317 ## $aPert. na p. de tít.: "Livraria d' Alcobaça"; "LIVRARIA DE ALCOBAÇA"(carimbo)$5PTBN: RES. 6650 P.
321 1# $aBibliografia consultada não regista
327 1# $aVol. 1:[8], 178, [10] f$aVol. 2: 205, [13] f.
620 ## $dParis
700 #1 $aDupuyherbault,$bGabriel,$f?-1566$3494935
702 #1 $aKerver,$bJacques$c[I],$ffl. 1535-1583$4610$3394324
712 02 $aOrdem de Cister.$bMosteiro de Santa Maria$c(Alcobaça)$4390$38402
801 #0 $aPT$bBN$gRPC
856 40 $uhttps://purl.pt/30468
856 41 $uhttps://purl.pt/30468/service/media/cover/low
856 49 $uhttps://purl.pt/30468/service/media/pdf/res-6650-1-p$qapplication/pdf
856 49 $uhttps://purl.pt/30468/service/media/pdf/res-6650-2-p$qapplication/pdf
958 ## $aBND$bLivre$cDigitalizado$d1$ehttps://purl.pt/30468/service/media/cover/max
966 ## $dV.1$lBN$mRESIMP$nCota antiga: R. 3904 P.$sRES. 6650//1 P.
966 ## $dV.2$lBN$mRESIMP$sRES. 6650//2 P.
998 ## $aCR910-339

Etiqueta de registo: 00254nam 2200025 450
001 2284842
003 http://id.bnportugal.gov.pt/bib/catbnp/2284842
100 ## $a20260420d1574 m y0pory01030103ba
101 0# $alat
102 ## $aBE
105 ## $ay z 000yy
106 ## $ar
200 1# $aOpera Thomae à Campis, cognomento Malleoli, viri pientissimi et religiosissimi sub Canone diui patris Augustini, aucta, & diligentius recognita, suaq[ue] serie reposita$equibus hac editione accesserunt aliquot tractatus, ad vitae spiritualis perfectionem mirum in modum facientes, quorum catalogum post Epistolam nucupatoriam reperies...
210 #9 $aAntuerpiae$cin aedibus Philippi Nutij, sub ciconijs,$d1574
215 ## $a[16], XI, [1], 378, [8], 156 [i.e. 154] f.$d8º (18 cm)
306 ## $aMarca do impressor na f. de rosto
307 ## $aErro de foliação na 2ª sequência: a numeração salta do f. 62 para o 65
307 ## $aAssin.: *-**//8, i//8, o//4, a-z//8, A-Z//8, aa-bb//8, Aa-Tt//8, Vv//4
321 ## $aAdams K, 16
321 ## $aICCU IT\ICCU\RMLE\002147
321 ## $aBnF FRBNF30677532
321 ## $aBNE
327 11 $aCom foliação própria: Sermones & exorthationes ad monachos Ioannis Tritemij..., com ed. literária de Gabriel Dupuyherabault. - f. 1-156
517 1# $aSermones et exorthationes ad monachos
620 ## $dAntuérpia
700 #0 $aTomás de Kempis,$fca. 1380-1471$346685
701 #1 $aTrithemius,$bJohannes,$f1462-1516$4070$3267057
702 #1 $aDupuyherbault,$bGabriel,$f?-1566$4340$3494935
702 #1 $aNutius,$bPhilippus,$ffl. 1564-1586$4610$3874959
801 #0 $aPT$bBN$gRPC
966 ## $lBN$mFGMON$sR. 1775 P.
971 ## $cpmesqui$d20260420
997 ## $aBIBEOD

OpendataBNP@bnportugal.pt | Mais informação sobre acesso aos dados BNP